Music Quiz

Random Music or Song Quiz

History In Song Quiz Stats

Quiz Updated Sep 29, 2014

Also try: Finish the Lyric
Challenge
Share
Tweet
Embed
Score 0/25 Timer 08:00
6 Plays Today
% Correct
Woodstock
92.3%
American Pie
83.9%
Candle in the Wind
81.1%
Sunday Bloody Sunday
80.1%
Cortez the Killer
78%
Manhattan Project
76.2%
The Wreck of the Edmund Fitzgerald
72.8%
Hurricane
66.4%
The Night They Drove Old Dixie Down
66%
Ohio
56.9%
Wind of Change
55.1%
The Lonesome Death of Hattie Carroll
54.8%
Dear Mr. President
54.2%
% Correct
I Don't Like Mondays
45.8%
What's the Frequency, Kenneth?
45%
Chicago
42.6%
April 29, 1992 (Miami)
41.8%
Calypso
40.8%
Pride (In the Name of Love)
40.5%
Sympathy for the Devil
39.1%
Ship Ahoy
33.2%
City of New Orleans
31.9%
All For You Sophia
27%
The Way It Is
20.6%
Sailing to Philadelphia
13.1%

You're not logged in!

Compare scores with friends on all Sporcle quizzes.
Sign Up with Email
OR
Log In

You Might Also Like...

Show Comments

Extras

Top Quizzes Today


Score Distribution

Your Account Isn't Verified!

In order to create a playlist on Sporcle, you need to verify the email address you used during registration. Go to your Sporcle Settings to finish the process.